Polska w systemie wspólpracy ekonomicznej ONZ 1945-1980

Saved in:
Bibliographic Details
Main Author: Skodlarski, Janusz
Format: Book
Language:Polish
Published: Warszawa Wyd. naukowe 1983
Tags: Add Tag
No Tags, Be the first to tag this record!

MARC

LEADER 00000nam a2200000 4500
001 c117000
005 20041019155206.2
041 0 |a pol 
044 |a PL 
245 1 0 |a Polska w systemie wspólpracy ekonomicznej ONZ 1945-1980  |c Janusz Skodlarski 
264 1 |a Warszawa  |b Wyd. naukowe  |c 1983 
300 |a 189 s. 
100 1 |a Skodlarski, Janusz